| 000 | 00878nam a2200265 i 4500 | ||
|---|---|---|---|
| 003 | OSt | ||
| 005 | 20260601193904.0 | ||
| 008 | 260508b1991 mx a|||| |||| 00| 0 spa d | ||
| 040 |
_aICI _bspa _cICI _erda |
||
| 041 | _aspa | ||
| 050 |
_aND259 _bB45 |
||
| 100 |
_aBelkin, Arnold. _eautor |
||
| 245 | _aArnold Belkin. | ||
| 250 | _a1a edición. | ||
| 336 |
_2rdacontent _atexto |
||
| 337 |
_2rdamedia _asin medio |
||
| 338 |
_2rdacarrier _avolumen |
||
| 500 | _aMonografía dedicada a la obra del pintor Arnold Belkin. | ||
| 520 | _aEstudio sobre la vida y obra de Arnold Belkin, destacando su contribución al muralismo y al arte contemporáneo mexicano. | ||
| 600 |
_aBelkin, Arnold _xCrítica e interpretación. |
||
| 650 |
_aMuralismo _vEstudios _zMéxico |
||
| 650 |
_aPintores mexicanos _vBiografías. |
||
| 650 |
_aArte contemporáneo _zMéxico. |
||
| 942 |
_2lcc _cB _n1 |
||
| 999 |
_c22354 _d22354 |
||